000 00654nam a22002177a 4500
005 20180530141921.0
010 _aA-722128
020 _c0.00
035 _aA-722128
037 _adpl
037 _bBPPD/PUB
082 _a812
100 _aKalidasa
245 _aThe loom of time
_cby Kalidasa ; translated from the Sanskrit Chandra Rajan
_bthe dancer and the king /
260 _c1989
_aNew Delhi
_bPenguin Books
270 _a72-B Himalaya House, 23 Kasturba Gandhi
_bDelhi
_e110001
300 _c20cm(Hb)
_a343p.
500 _aIncludes bibliographical references
700 _aRajan, Chandra
942 _cEN
_2ddc
_mKAL
_h812
999 _c152406
_d152406